| 000 | 01702nam a2200421 c 4500 | ||
|---|---|---|---|
| 999 |
_c381 _d381 |
||
| 003 | BLK | ||
| 005 | 20250801172937.0 | ||
| 008 | 180412b bul|||||r ||||||| ||bul|| | ||
| 010 | _aKNG00000612000 | ||
| 020 | _a954-584-029-3 | ||
| 040 | _aBLK | ||
| 041 |
_aBUL _cBUL |
||
| 080 |
_aРегионална география _b913 _x(100) _z913(100) |
||
| 100 | 1 |
_aМорис, Нил _eпърви автор _9242272 |
|
| 139 |
_aМорис, Нил _bМ 89 |
||
| 245 | 1 | 0 |
_aАтлас на света _bНауч.-попул. четиво за юноши _cНил Морис; прев. от англ. Боряна Михайлова-Гечева. |
| 257 | _aGBR | ||
| 260 |
_bАбагар Холдинг _bБелайта прес _c1993 _aСофия |
||
| 300 |
_a48 с. _bс цв. ил., к. _c30 см |
||
| 380 | _aDN | ||
| 500 | _aБез сведение за ориг. загл. - Авт. не е отбелязан на кор. - Офс. изд. - 10 200 тир., доп. тир. 1995. - Азб. показалец. | ||
| 650 | 4 |
_aГеография _9151794 |
|
| 650 | 4 |
_aСвят - география _9242274 |
|
| 651 | 4 |
_aСвят _9179507 |
|
| 653 | _aгеография | ||
| 653 | _aсвят | ||
| 653 | _aатласи | ||
| 653 | _aлитература за деца | ||
| 653 | _aдетска литература | ||
| 700 | 1 |
_aМихайлова-Гечева, Боряна _eпрев. от англ. _9242273 |
|
| 852 |
_aЦб ІІ 15230 _bЦб |
||
| 856 | 4 |
_qpdf _u |
|
| 856 | 4 |
_qpdf _u |
|
| 942 |
_cKNG _n0 _s1 _05 |
||
| 944 |
_aCR _c15.01.2003 _lГрета Цуфелде _k30537 |
||
| 944 |
_aED _c12.01.2015 _lф / _kЛюдмила_Стоянова |
||
| 999 | _d381 | ||